Miasta Polski powyżej 50 tysięcy mieszkańców na mapie - Statystyki

Ogólne statystyki
  • Ten quiz został rozwiązany 727 razy
  • Średni wynik to 55 z 83
Odpowiedzi na mapie
Odpowiedzi zakodowano w zielono-czerwonej skali na mapie do tego quizu, zgodnie z poniższymi procentami.
 
Statystyki odpowiedzi
Województwo Miasto % Poprawnych
Pomorskie Gdańsk 490k
97%
Pomorskie Gdynia 240k
96%
Zachodnio-pomorskie Szczecin 390k
96%
Mazowieckie Warszawa 1,8 mln
96%
Małopolskie Kraków 800k
93%
Dolnośląsie Wrocław 670k
93%
Łódzkie Łódź 650k
92%
Podlaskie Białystok 290k
91%
Wielkopolskie Poznań 540k
91%
lubelskie Lublin 330k
90%
Kujawsko-pomorskie Toruń 195k
88%
Kujawsko-Pomorskie Bydgoszcz 320k
87%
Śląskie Katowice 280k
87%
Warmińsko-Mazurskie Olsztyn 170k
86%
Lubuskie Zielona Góra 140k
86%
Podkarpackie Rzeszów 195k
85%
Warmińsko-Mazurskie Elbląg 110k
84%
Lubuskie Gorzów Wielkopolski 115k
84%
Zachodnio-Pomorskie Koszalin 105k
84%
Opolskie Opole 125k
84%
Mazowieckie Radom 195k
83%
Świętokrzyskie Kielce 180k
82%
Podlaskie Suwałki 70k
80%
Śląskie Częstochowa 205k
75%
Pomorskie Słupsk 85k
74%
Mazowieckie Płock 110k
73%
Śląskie Bielsko-biała 165k
72%
Śląskie Gliwice 170k
72%
Dolnośląskie Legnica 90k
71%
Podkarpackie Przemyśl 55k
71%
Małopolskie Tarnów 100k
71%
Dolnośląskie Wałbrzych 100k
68%
Dolnośląskie Jelenia Góra 75k
67%
Dolnośląskie Lubin 70k
67%
Małopolskie Nowy Sącz 80k
67%
Zachodniopomorskie Stargard 65k
67%
Lubelskie Biała Podlaska 55k
66%
Mazowieckie Pruszków 65k
66%
Śląskie Sosnowiec 190k
66%
Kujawsko-Pomorskie Włocławek 100k
66%
Lubelskie Zamość 60k
66%
Warmińsko-Mazurskie Ełk 60k
65%
Wielkopolskie Piła 70k
65%
Śląskie Bytom 145k
64%
lubelskie Chełm 55k
64%
Wielkopolskie Kalisz 90k
64%
Mazowieckie Siedlce 75k
64%
Kujawsko-pomorskie Inowrocław 70k
63%
Wielkopolskie Konin 65k
63%
Wielkopolskie Gniezno 65k
61%
Mazowieckie Legionowo 55k
61%
Podlaskie Łomża 60k
61%
Łódzkie Piotrków Trybunalski 65k
61%
Kujawsko-Pomorskie Grudziądz 90k
60%
Pomorskie Tczew 55k
58%
Śląskie Tychy 120k
58%
Śląskie Zabrze 155k
58%
Śląskie Dąbrowa Górnicza 110k
57%
Łódzkie Bełchatów 55k
56%
Śląskie Chorzów 100k
56%
Śląskie Rybnik 130k
56%
Dolnośląskie Głogów 60k
55%
Łódzkie Pabianice 60k
55%
Podkarpackie Mielec 55k
53%
Świętokrzyskie Ostrowiec Świętokrzyski 60k
53%
Opolskie Kędzierzyn-Koźle 55k
52%
Podkarpackie Stalowa Wola 55k
52%
Wielkopolskie Leszno 60k
51%
Łódzkie Zgierz 55k
51%
lodzkie Tomaszów Mazowiecki 60k
48%
Śląskie Ruda Śląska 130k
47%
Wielkopolskie Ostrów Wielkopolski 70k
46%
Mazowieckie Piaseczno 50k
46%
Pomorskie Rumia 55k
46%
Dolnośląskie Świdnica 55k
43%
Śląskie Jastrzębie-Zdrój 80k
41%
Śląskie Mysłowice 70k
38%
Śląskie Jaworzno 85k
37%
Śląskie Tarnowskie Góry 60k
35%
Śląskie Żory 60k
34%
Śląskie Siemianowice Śląskie 65k
33%
Śląskie Piekary Śląskie 50k
32%
Śląskie Będzin 55k
29%
Nie znaleziono quizów pasujących do podanych kryteriów
Rozkład punktacji
Procent ludzi z każdym wynikiem
Percentyl według liczby udzielonych odpowiedzi
Twoja historia wyników
Nie rozwiązałeś tego quizu